Managing employees' motivation as the foundation of reward system in an organization diplomová práca

Guardado en:
Detalles Bibliográficos
Autor principal: Jakubisová, Nela
Autor Corporativo: Ekonomická univerzita v Bratislave. Ústav medzinárodných programov
Otros Autores: Blštáková, Jana, 1980-
Formato: Libro
Lenguaje:inglés
Publicado: Bratislava 2013
Etiquetas: Agregar Etiqueta
Sin Etiquetas, Sea el primero en etiquetar este registro!

MARC

LEADER 00000nbm a2200000 4500
001 0176353
005 20170314110635.9
041 0 |a eng 
044 |a SK 
245 1 0 |a Managing employees' motivation as the foundation of reward system in an organization  |b diplomová práca  |c Nela Jakubisová ; školiteľ: Jana Blštáková 
264 1 |a Bratislava  |c 2013 
300 |a 77 s. 
100 1 |a Jakubisová, Nela 
700 1 |a Blštáková, Jana, 1980- 
710 2 |a Ekonomická univerzita v Bratislave. Ústav medzinárodných programov